000 00423nam a2200181Ia 4500
005 20250603145758.0
008 250603s9999 xx 000 0 und d
020 _a0-02-354460-0
050 _aTA643.H47/
100 _aRussell C. Hibbeler
245 0 _aStructural Analysis
260 _aNew York
260 _bMacmillan Publishing Company
260 _c1985
300 _a527 p
650 _aNew York
942 _cBK
999 _c42829
_d42829